| 000 | 01005pam a2200313 i 4500 | ||
|---|---|---|---|
| 001 | 3635237 | ||
| 003 | OSt | ||
| 005 | 20140310182711.0 | ||
| 008 | 750913s1976 nyuaf 001 0beng | ||
| 010 | _a 75030730 | ||
| 020 | _a0151567956 | ||
| 040 |
_aDLC _cDLC _dDLC |
||
| 050 | 0 | 0 |
_aD 810 _b.St847 1977 |
| 082 | 0 | 0 |
_aM 940.5486092 _aSt4 1977 |
| 100 | 1 |
_aStevenson, William, _d1925- |
|
| 245 | 1 | 2 |
_aA man called Intrepid _bthe secret war _cStevenson, William |
| 250 | _a1st ed. | ||
| 260 |
_aNew York : _bHarcourt Brace Jovanovich, _cc1976. |
||
| 300 |
_axxv, 486 p., [16] leaves of plates : _bill. ; _c24 cm. |
||
| 500 | _aIncludes index. | ||
| 521 | _aHigh School to College Students | ||
| 526 | _c0L-1700L | ||
| 541 | _j1 | ||
| 562 | _eFor circulation. 1 copy available in the collection | ||
| 600 | 1 | 0 |
_aStephenson, William Samuel, _d1896-1989. |
| 650 | 0 |
_aWorld War, 1939-1945 _xSecret service. |
|
| 906 |
_a7 _bcbc _corignew _d1 _eocip _f19 _gy-gencatlg |
||
| 942 |
_2lcc _cBK _kM |
||
| 999 |
_c15239 _d15239 |
||